| LDR | | 00000nam c2200205 c 4500 |
| 001 | | 000000340956 |
| 005 | | 20260205144729 |
| 007 | | ta |
| 008 | | 260126s2025 ulka r 000a kor |
| 020 | |
▼a 9791193063897
▼g 03800 :
▼c \18000 |
| 040 | |
▼a 248032
▼c 248032
▼d 248032 |
| 049 | 0 |
▼l EM111775 |
| 056 | |
▼a 671.57
▼2 4 |
| 090 | |
▼a 671.57
▼b 김38ㅈ |
| 245 | 20 |
▼a 재즈가 너에게 :
▼b 그날 그곳의 재즈가 오늘 이곳의 당신에게 전하는 위로 =
▼x Dear You, From Jazz /
▼d 김민주 지음 |
| 250 | |
▼a 초판 |
| 260 | |
▼a 서울 :
▼b 북스톤,
▼c 2025 |
| 300 | |
▼a 271 p. :
▼b 천연색삽화 ;
▼c 20 cm |
| 504 | |
▼a 참고자료(p. 267-271) 수록 |
| 525 | |
▼a 권말부록 : 재즈 거장들이 말하는 JAZZ |
| 546 | |
▼a 일부 한영대역임 |
| 653 | |
▼a 재즈
▼a 음악
▼a JAZZ |
| 700 | 1 |
▼a 김민주,
▼e 저 |
| 950 | 0 |
▼b \18000 |
| 990 | |
▼a 관리자2
▼b 관리자2 |